00731nam a2200193 a 450000100100000000500170001000800410002702000150006804000250008308200140010810000300012224000580015224500760021026000570028630000370034350000280038095201120040899900170052000003553120200930074418.0111103s1992 sp d 000 0 spa d a8479780118 aDO-SdBNPbspacBNPHU axxxbL6651 aLevionnois, Michel96142110aMarketing interne et management des hommeslespañol10aMarketing interno y gestión de recursos humanos /cMichel Levionnois. aMadrid, España :bEdiciones Diaz de Santos,c1992. axiv, 145 p. :bdiagrs. ;c22 cm. aTraducido del francés 001050718MOaGRbGRcCTd2011-11-03iLF1l0oxxx L665p35531-10r2020-06-25w2020-06-25y1ZNo se presta c35022d35022